| 000 -LEADER |
| fixed length control field |
00861nam a22002537a 4500 |
| 001 - CONTROL NUMBER |
| control field |
8399 |
| 003 - CONTROL NUMBER IDENTIFIER |
| control field |
BD-DhUAP |
| 005 - DATE AND TIME OF LATEST TRANSACTION |
| control field |
20200303120113.0 |
| 008 - FIXED-LENGTH DATA ELEMENTS--GENERAL INFORMATION |
| fixed length control field |
200303s2003 ii a|||| |||| 00| 0 eng d |
| 020 ## - INTERNATIONAL STANDARD BOOK NUMBER |
| International Standard Book Number |
9788175254596 |
| 040 ## - CATALOGING SOURCE |
| Original cataloging agency |
BD-DhUAP |
| Language of cataloging |
Eng |
| Transcribing agency |
BD-DhUAP |
| Modifying agency |
BD-DhUAP |
| 082 ## - DEWEY DECIMAL CLASSIFICATION NUMBER |
| Edition number |
23 |
| Classification number |
720.954 REW |
| 100 ## - MAIN ENTRY--PERSONAL NAME |
| Personal name |
Rewal, Raj. |
| 245 ## - TITLE STATEMENT |
| Title |
Raj Rewal : |
| Remainder of title |
selected architectural works / |
| Statement of responsibility, etc. |
Raj Rewal ; Essays by A. G. Krishna Menon, Arun Rewal and Rahoul B. Singh. |
| 260 ## - PUBLICATION, DISTRIBUTION, ETC. |
| Place of publication, distribution, etc. |
New Delhi : |
| Name of publisher, distributor, etc. |
Architectural Research Cell, |
| Date of publication, distribution, etc. |
c2003. |
| 300 ## - PHYSICAL DESCRIPTION |
| Extent |
52 pages : |
| Other physical details |
illustrations ; |
| Dimensions |
34 cm. |
| 600 ## - SUBJECT ADDED ENTRY--PERSONAL NAME |
| Personal name |
Rewal, Raj |
| Form subdivision |
Exhibitions. |
| 650 ## - SUBJECT ADDED ENTRY--TOPICAL TERM |
| Topical term or geographic name entry element |
Architects |
| Geographic subdivision |
India |
| General subdivision |
Exhibitions. |
| 650 ## - SUBJECT ADDED ENTRY--TOPICAL TERM |
| Topical term or geographic name entry element |
Architecture |
| Geographic subdivision |
India |
| Chronological subdivision |
20th century |
| General subdivision |
Designs and plans. |
| 700 ## - ADDED ENTRY--PERSONAL NAME |
| Personal name |
Menon, A. G. Krishna. |
| 700 ## - ADDED ENTRY--PERSONAL NAME |
| Personal name |
Rewal, Arun. |
| 700 ## - ADDED ENTRY--PERSONAL NAME |
| Personal name |
Singh, Rahoul B. |
| 942 ## - ADDED ENTRY ELEMENTS (KOHA) |
| Source of classification or shelving scheme |
|
| Koha item type |
Book |